Top 10 Longest Rivers in Africa - Statistics

General Stats
  • This quiz has been taken 124 times
  • The average score is 5 of 10
Answer Stats
Answer % Correct
Nile
98%
Congo
95%
Niger
85%
Zambezi
79%
Orange
46%
Senegal
43%
Ubangi-Uele
28%
White Nile
28%
Kasai
21%
Lualaba
10%
No matching quizzes found
Score Distribution
Percent of People with Each Score
Percentile by Number Answered
Your Score History
You have not taken this quiz